000 01401nam a2200385 i 4500
001 34786
003 KOSZ 005
005 20191029073650.0
008 080423s1961 pl a f 001 0 pol
015 _aPB 1961/1444
040 _aWA N
_cKOSZ 005/RW
_dKOSZ 005/RW
_dKOSZ 005/HR
046 _k1961
080 _a679
245 0 0 _aPreparatyka tworzyw sztucznych /
_caut. M. Brejdygant-Mirosławska [et al.].
260 _aWarszawa :
_bPaństwowe Wydawnictwa Techniczne,
_c1961.
300 _a418, [2] s. :
_bil. ;
_c25 cm.
336 _2rdacontent
_aTekst
_btxt
337 _2rdamedia
_aBez urządzenia pośredniczącego
_bn
338 _2rdacarrier
_aWolumin
_bnc
380 _aKsiążki.
388 _a1901-2000
490 1 _aTworzywa Sztuczne.
504 _aBibliogr. przy rozdz. Indeks.
521 8 _aDla studentów, pracowników laboratoriów naukowych i przemysłowych oraz dla praktyków-przetwórców.
658 _aInżynieria i technika
650 4 _aTechnologia
655 4 _aPraca zbiorowa
650 4 _aTworzywa sztuczne
655 4 _aPodręcznik
700 1 _aBrejdygant-Mirosławska, Maria.
_eAutor
710 2 _aPaństwowe Wydawnictwa Techniczne
_4pbl.
856 _uhttp://koha.tu.koszalin.pl/cgi-bin/koha/opac-detail.pl?biblionumber=34786
_yKatalog online BPK
830 0 _aTworzywa Sztuczne
942 _2UKD
_cKS
999 _c34786
_d34786